La reparacin̤ del perjuicio como comportamiento postdelictivo positivo como instrumento de polt̕ica criminal

Detalles Bibliográficos
Autor principal: Martn̕ez Ruiz, Jess︢
Formato: eBook
Lenguaje:español
Publicado: Madrid: Dykinson, 2017
Materias:
Acceso en línea:Acceso restringido

MARC

LEADER 00000nam a22000007a 4500
005 20180402220815.0
007 cr|||| ||||
008 180402s2017 es |||||s|||| 00||0 spa d
020 |a 978-84-9148-454-7 
035 |a 21317 
040 |a vLex 
090 |c 7639  |d 7639 
100 1 |a Martn̕ez Ruiz, Jess︢ 
245 1 2 |a La reparacin̤ del perjuicio como comportamiento postdelictivo positivo como instrumento de polt̕ica criminal  |h [Recurso electrn̤ico] /  |c Jess︢ Martn̕ez Ruiz 
256 |a Servicio en ln̕ea 
260 |a Madrid:  |b Dykinson,  |c 2017 
300 |a 1 recurso electrn̤ico 
500 |a El trabajo que hoy ve la luz bajo la intitulacin̤ La reparacin̤ del perjuicio como comportamiento postdelictivo como instrumento de Polt̕ica criminal, intenta responder a los tres grandes df̌icits de nuestro sistema penal:la crisis de la prisin̤ con la correlativa crisis del pensamiento resocializador de la pena privativa de libertad; el crn̤ico colapso de nuestra Administracin̤ de Justicia y, finalmente, el tradicional olvido de la vc̕tima del delito. Tales problemas exigen la bs︢queda de nuevas soluciones que pueden provenir de la mano de la reparacin̤ del perjuicio por parte del responsable penal en cuanto instrumento de polt̕ica criminal, a implementar necesariamente en el Derecho penal y procesal penal, que deber ̀construirse sobre los cimientos de la introduccin̤ del principio de oportunidad reglada por el Ministerio Fiscal, bajo el control del Juez o Tribunal y sobre la concurrencia de un comportamiento voluntario positivo posterior al delito (y, por ende, a la consumacin̤ delictiva), en cuanto genuino actus contrarius proveniente del responsable de un hecho tp̕ico, antijurd̕ico y culpable (merecimiento de pena) pero que, en virtud de ese preciso comportamiento posterior positivo hace que respecto de la lesin̤ o puesta en peligro solo de determinados bienes jurd̕icos especialmente idn̤eos, venga a menos la necesidad de pena para el restablecimiento del Orden jurd̕ico. Esta propuesta, a su vez, como se demuestra a lo largo de estas pg̀inas, deber ̀coordinarse con la incorporacin̤ de la Mediacin̤ penal. 
506 1 |a Disponible solo en los productos indicados  |d vLex Global  |d vLex Global (Academic Edition, excluding Law Schools)  |d vLex Global (U.S. Academic Edition, Law Schools)  |d vLex Global (U.S. Academic Edition, excluding Law Schools)  |d vLex Global (Academic Edition, Law Schools) 
650 0 4 |a Derecho Penal  |z Espaą 
740 0 |a vLex Libros (Servicio en ln̕ea) 
856 4 0 |u http://vlex.com/source/reparacion-del-perjuicio-como-comportamiento-postdelictivo-positivo-como-instrumento-de-politica-criminal-21317  |z Acceso restringido 
942 |c BOOK 
999 0 |a Criminal law